Statistics for Second most populated city in each US state

Click here to take the quiz!

General Stats

  • This quiz has been taken 4 times
  • The average score is 23 of 50

Answer Stats

HintAnswer% Correct
IllinoisAurora
100%
DelawareDover
100%
AlaskaFairbanks
100%
FloridaMiami
100%
New YorkBuffalo
75%
OhioCleveland
75%
New JerseyJersey City
75%
WisconsinMadison
75%
AlabamaMontgomery
75%
TennesseeNashville
75%
ConnecticutNew Haven
75%
PennsylvaniaPittsburgh
75%
North CarolinaRaleigh
75%
CaliforniaSan Diego
75%
MinnesotaSt Paul
75%
OklahomaTulsa
75%
South CarolinaCharleston
50%
ColoradoColorado Springs
50%
MarylandColumbia
50%
IndianaFort Wayne
50%
MichiganGrand Rapids
50%
MississippiGulfport
50%
HawaiiHilo
50%
West VirginiaHuntington
50%
KentuckyLexington
50%
NebraskaLincoln
50%
MontanaMissoula
50%
VirginiaNorfolk
50%
OregonSalem
50%
TexasSan Antonio
50%
WashingtonSpokane
50%
MassachusettsWorcester
50%
LouisianaBaton Rouge
25%
North DakotaBismark
25%
WyomingCasper
25%
IowaCedar Rapids
25%
ArkansasFort Smith
25%
New MexicoLas Cruces
25%
IdahoMeridian
25%
South DakotaRapid City
25%
ArizonaTuscon
25%
GeorgiaColombus
0%
VermontEssex
0%
NevadaHenderson
0%
MaineLewiston
0%
New HampshireNashua
0%
KansasOverland Park
0%
MissouriSt Loius
0%
Rhode IslandWarwick
0%
UtahWest Valley City
0%

Score Distribution

Percentile by Number Answered

Percent of People with Each Score

Your Score History

You have not taken this quiz